000 00842nam a22002297a 4500
999 _c5943
_d5943
003 AR-CdUCM
008 190313b ||||| |||| 00| 0 spa d
040 _aMUNICIPALIDAD PROVINCIAL DEL CUSCO
_cBIBLIOTECA MUNICIPAL DEL CUSCO
082 _a869.56 /
_bP43
100 _aPeña Espinoza, Fidel
_917450
245 _aRetazos /
260 _aLima :
_bEditorial W. A. Gonzales.
_c1972.
300 _a46 páginas ;
_c21 cm.
440 _aColección de poesías de Javier Heraud.
_917451
500 _aDonación familia Luis Nieto
505 _aContenido: Llamado terrestre de emergencia -- Encarnación del hombre -- Cero -- Al borde del margen -- Luto -- Lindero -- Marcha -- Fiebre -- Anciano mi abuelo...
650 _aPoesías peruanas
_91481
650 _aSiglo XX
_98
650 _aHeraud
_917452
942 _2ddc
_cLIBROS
945 _adavv